Preservations of archives in tropical climates, an annotated bibliography (Record no. 17650)

MARC details
000 -LEADER
fixed length control field 00641nam a2200181Ia 4500
003 - CONTROL NUMBER IDENTIFIER
control field IN-BaIIA
008 - FIXED-LENGTH DATA ELEMENTS--GENERAL INFORMATION
fixed length control field 211028s9999 xx 000 0 eng d
020 ## - INTERNATIONAL STANDARD BOOK NUMBER
International Standard Book Number 90-74920-14-4
040 ## - CATALOGING SOURCE
Transcribing agency IIA Library
080 ## - UNIVERSAL DECIMAL CLASSIFICATION NUMBER
Universal Decimal Classification number 069.4:550.581(213)
Item number TEY
100 ## - MAIN ENTRY--PERSONAL NAME
Personal name Teygeler, Rene
9 (RLIN) 33415
245 #0 - TITLE STATEMENT
Title Preservations of archives in tropical climates, an annotated bibliography
Statement of responsibility, etc. Rene Teygeler
260 ## - PUBLICATION, DISTRIBUTION, ETC.
Place of publication, distribution, etc. Paris
Name of publisher, distributor, etc. Internatonial Council on Archives
Date of publication, distribution, etc. 2001
300 ## - PHYSICAL DESCRIPTION
Extent 249p.
650 ## - SUBJECT ADDED ENTRY--TOPICAL TERM
Topical term or geographic name entry element Archives-Preservation-Tropical climtes
9 (RLIN) 33416
650 ## - SUBJECT ADDED ENTRY--TOPICAL TERM
Topical term or geographic name entry element Tropical climates-Preservation-Arch
9 (RLIN) 33417
942 ## - ADDED ENTRY ELEMENTS (KOHA)
Koha item type Books
Holdings
Withdrawn status Lost status Damaged status Not for loan Home library Current library Shelving location Date acquired Total Checkouts Full call number Barcode Date last seen Price effective from Koha item type
        IIA Library-Bangalore IIA Library-Bangalore General Stacks 25/02/2010   069.4:550.581(213)/ TEY 18572 05/11/2021 25/02/2010 Books

Powered by Koha